| 000 | 01153cam a2200325 a 4500 | ||
|---|---|---|---|
| 999 |
_c5546 _d5546 |
||
| 003 | OSt | ||
| 005 | 20220707112816.0 | ||
| 008 | 220420b ||||| |||| 00| 0 eng d | ||
| 020 | _a9780767915878 | ||
| 040 | _cALUPE UNIVERSITY | ||
| 050 |
_aHD2755 _b.L96 2005 |
||
| 100 | 1 | _aLynn, Barry C. | |
| 245 | 1 | 0 |
_aEnd of the line : _bthe rise and coming fall of the global corporation / _cBarry C. Lynn. |
| 250 | _a1st ed. | ||
| 260 |
_aNew York : _bDoubleday, _cc2005. |
||
| 300 |
_avi, 312 p. ; _c21 cm. |
||
| 504 | _aIncludes bibliographical references (p. [263]-304) and index. | ||
| 650 | 0 | _aInternational business enterprises. | |
| 650 | 0 | _aContracting out. | |
| 650 | 0 |
_aGlobalization _xEconomic aspects. |
|
| 650 | 0 |
_aGlobalization _xSocial aspects. |
|
| 650 | 0 | _aInternational economic relations. | |
| 650 | 0 |
_aInternational business enterprises _zUnited States. |
|
| 650 | 0 |
_aContracting out _zUnited States. |
|
| 650 | 0 |
_aGlobalization _xEconomic aspects _zUnited States. |
|
| 650 | 0 |
_aGlobalization _xSocial aspects _zUnited States. |
|
| 651 | 0 |
_aUnited States _xForeign economic relations. |
|
| 930 | 1 | _hHD2755.5 | |
| 942 |
_2lcc _cBK _nAB |
||